| 000 | 00702cam a2200241 4500 | ||
|---|---|---|---|
| 001 | J2061 | ||
| 008 | 090401t1994 xxu||||| |||| 00| 0 eng d | ||
| 035 | _a(Sirsi) u46939 | ||
| 041 | _aeng | ||
| 050 | _a697.93 | ||
| 100 | _aRaw, G. J. | ||
| 245 | 4 | _aThe importance of indoor surface pollution in sick building syndrome. | |
| 260 |
_aGarston, Watford _bBuilding Research Establishment _c1994 |
||
| 300 | _a(4)p. ; 30cm. | ||
| 350 | _a0 | ||
| 490 |
_aBRE Information Paper _v3/94 |
||
| 650 | _aINDOOR SURFACE POLLUTION | ||
| 650 | _aSICK BUILDINGS SYNDROME | ||
| 690 | _aENVIRONMENTAL AND LAND CONSULTANCY | ||
| 710 | _aBuilding Research Establishment | ||
| 942 | _n0 | ||
| 948 | _c04/03/1997 | ||
| 999 |
_c92048 _d92048 |
||